000 00562nam a2200181Ia 4500
008 240729s9999 xx 000 0 und d
022 _a2465-891X
245 4 _aThe Nerve
260 _aKorea, Republic of
260 _bThe Korean Society of Peripheral Nervous System
650 _a Internal medicine
650 _a Neurology. Diseases of the nervous system
650 _a Neurosciences. Biological psychiatry. Neuropsychiatry
650 _aMedicine
856 _uhttps://doaj.org/toc/79eaa2c6a7b14c7886ab6e7fcb9a9a75
942 _2ddc
942 _cDOAJEJ
999 _c68304
_d68304
945 _a1
_bMadushi Gamage
_c1
_dMadushi Gamage